MARC details
| 000 -CABECERA |
| campo de control de longitud fija |
02361nam a2200265 i 4500 |
| 003 - IDENTIFICADOR DEL NÚMERO DE CONTROL |
| campo de control |
DO-SdBNP |
| 005 - FECHA Y HORA DE LA ÚLTIMA TRANSACCIÓN |
| campo de control |
20240708105915.0 |
| 007 - CAMPO FIJO DE DESCRIPCIÓN FÍSICA--INFORMACIÓN GENERAL |
| campo de control de longitud fija |
ta |
| 008 - DATOS DE LONGITUD FIJA--INFORMACIÓN GENERAL |
| campo de control de longitud fija |
240708s1985 sp 000 j spa d |
| 020 ## - NÚMERO INTERNACIONAL ESTÁNDAR DEL LIBRO |
| Número Internacional Estándar del Libro |
8472233480 |
| 040 ## - FUENTE DE LA CATALOGACIÓN |
| Centro catalogador/agencia de origen |
DO-SdBNP |
| Lengua de catalogación |
spa |
| Centro/agencia transcriptor |
BNPHU |
| Normas de descripción |
rda |
| 082 ## - NÚMERO DE LA CLASIFICACIÓN DECIMAL DEWEY |
| Número de documento/Ítem |
A719 |
| Número de edición |
22 |
| 100 ## - ENTRADA PRINCIPAL--NOMBRE DE PERSONA |
| Nombre de persona |
Arjona, Rafael |
| 9 (RLIN) |
11765 |
| Término indicativo de función/relación |
autor |
| 245 13 - MENCIÓN DE TÍTULO |
| Título |
El matarife / |
| Mención de responsabilidad, etc. |
Rafael Arjona |
| 264 #1 - PRODUCCIÓN, PUBLICACIÓN, DISTRIBUCIÓN, FABRICACIÓN Y COPYRIGHT |
| Producción, publicación, distribución, fabricación y copyright |
Barcelona, España : |
| Nombre del de productor, editor, distribuidor, fabricante |
TusQuets editores, |
| Fecha de producción, publicación, distribución, fabricación o copyright |
1985. |
| 300 ## - DESCRIPCIÓN FÍSICA |
| Extensión |
157 páginas, |
| Dimensiones |
20 cm. |
| 336 ## - TIPO DE CONTENIDO |
| Fuente |
rdacontent |
| Término de tipo de contenido |
texto |
| Código de tipo de contenido |
txt |
| 337 ## - TIPO DE MEDIO |
| Fuente |
rdamedia |
| Nombre/término del tipo de medio |
sin mediación |
| Código del tipo de medio |
n |
| 338 ## - TIPO DE SOPORTE |
| Fuente |
rdacarrier |
| Nombre/término del tipo de soporte |
volumen |
| Código del tipo de soporte |
nc |
| 490 1# - MENCIÓN DE SERIE |
| Mención de serie |
La sonrisa vertical |
| -- |
Erótica |
| Designación de volumen o secuencia |
45 |
| 520 ## - SUMARIO, ETC. |
| Sumario, etc. |
El matarife es quizás una de las novelas más profunda y genuinamente hispanas que se hayan publicado en esta colección, aunque probablemente sus referencias literarias inmediatas remitan a autores tan universales como Georges Bataille o Witold Gombrowicz, por ejemplo. Arranca, de hecho, de fantasías muy arraigadas en el alma de una España remota, casi mítica, estigmatizada por una especial vivencia del sexo, de la sangre y de la muerte. «Cuando maté mi primera ternera, no tenía más que diecinueve años. Lo hice porque, desde mi nacimiento, estaba destinado a ser matarife, como entonces lo era mi padre y como antes lo habían sido mi abuelo y mi bisabuelo.» Hijo enclenque de un padre «inmenso», terrible, tuvo que someterse al ritual sangriento del relevo—la alternativa, dirían los taurómacos—en el oficio familiar. Pero, contrariamente al padre, el hijo no tarda en convertir el acto brutal y mecánico de dar muerte en una grandiosa ceremonia orgásmica, en la que sangre y gozo se funden en un éxtasis sin límites. A partir de este estallido iniciático, el lector se sentirá, él también, capaz de cualquier exceso, hasta el de desear y amar a cada una de las dulces terneras que, poco después, junto al protagonista, rematará violentamente en pleno paroxismo de los sentidos. No obstante, una mañana, viene a ensombrecer este Paraíso el primer indicio de compasión, de culpa. Y, cuando por fin parece haber vencido esta insostenible debilidad, vuelve, irrefrenable, a sus delirantes orgías hasta que, en una tarde lluviosa, encuentra a una extraña joven que le cautiva. . . |
| 590 ## - NOTA LOCAL (RLIN) |
| Nota local |
Inventariado, 2024/ YL |
| 910 ## - DATOS DE OPCIÓN DEL USUARIO (OCLC) |
| Datos de opción del usuario |
YLockward |
| 942 ## - ELEMENTOS DE PUNTO DE ACCESO ADICIONAL (KOHA) |
| Fuente del sistema de clasificación o colocación |
Dewey Decimal Classification |
| Tipo de ítem Koha |
Libro |